Statistics for Top 10 NFL Wide Receivers Of All Time.

Click here to take the quiz!

General Stats

  • This quiz has been taken 1,407 times
  • The average score is 6 of 10

Answer Stats

RankTeam(s)Answer% Correct
1SAN/OAK/SEAJerry Rice
98%
2MIN/OAK/NE/TEN/SANRandy Moss
97%
4INDMarvin Harrison
75%
7CIN/BUF/DAL/PHI/SANTerrell Owens
72%
8DALMichael Irvin
61%
9SEASteve Largent
55%
3MIA/MIN/PHICris Carter
47%
5STL/SANIsaac Bruce
41%
10BUF/WASAndre Reed
35%
6GBDon Hutson
24%

Score Distribution

Percentile by Number Answered

Percent of People with Each Score

Your Score History

You have not taken this quiz